00524 2200217 4500001002100000005001500021035002000036245004400056100001900100250002000119300003500139856000600174700000600180260004900186082001000235084001800245020000600263600001900269520000600288990001200294INLIS00000000003857720250926110822 a0010-09250000591 aDaughters desire :b- /cSerita Stevens0 aSerita Stevens atidak diketahui a477halaman :b- ;c11x18 cme- a-0 a- aNew York :bDorchester Publishing Co.,c1987 a820.3 aF 820.3 SER d a- 4aSastra Inggris a- a60360/H